000 00796nam a22002177a 4500
005 20240530110614.0
008 161030s2014 ua aa g b 000 0dara d
017 _a2014/16534
_bمصر. دار الكتب
020 _a9772329861
040 _aEG-CaGPL
_cEG-CaGPL
082 0 4 _221
_a400.19\
_bا ف
100 0 _aالسيد عبدالحميد سليمان .
245 1 3 _aفى علم النفس اللغوى :
_bاللغة بين علم النفس و حروبها و اضطرابها /
_cتاليف السيد عبدالحميد سليمان .
250 _aط.1
260 _bعالم الكتب ،
_c2015 .
300 _a256 ص ؛
_c24 سم .
650 0 7 _2qrmak
_aعلم النفس اللغوى .
651 _2qrmak
942 _2ddc
_cBK
999 _c62919
_d62919